00409nam a2200109Ia 450000500170000000800410001710000310005824501650008926000110025430000110026565000230027620260328104344.0260328s9999||||xx |||||||||||||| ||und|| aMüller-Brockmann, Josef  0aGrid Systems in Graphic Design :b A Visual Communication Manual for Graphic Designers, typographers and three dimensional Designers /cJosef Müller-Brockmann bNiggli a176 p. aDISEÑO GRÁFICO